Slang in Blogs (Based on Materials from Ukrainian and Slovak Languages)
Slang zohráva kľúčovú úlohu v moderných jazykoch a funguje nielen ako jazykový nástroj pre efektívnu komunikáciu, ale aj ako marker sociálnej, generačnej a kultúrnej identity. Používanie slangu v blogoch umožňuje autorom vyjadriť rôzne emócie, iróniu, sarkazmus a sociálne pozície a zároveň vytvára p...
Gespeichert in:
| 1. Verfasser: | |
|---|---|
| Weitere Verfasser: | |
| Format: | Buchkapitel |
| Sprache: | Ukrainisch Englisch |
| Schlagworte: | |
| Tags: |
Keine Tags, Fügen Sie das erste Tag hinzu!
|
MARC
| LEADER | 00000naa$a2200000$$$4500 | ||
|---|---|---|---|
| 001 | 0313924 | ||
| 005 | 20260112102631.1 | ||
| 041 | 0 | |a ukr | |
| 041 | 0 | |a eng | |
| 044 | |a UA | ||
| 245 | 1 | 0 | |a Slang in Blogs (Based on Materials from Ukrainian and Slovak Languages) |c Katarína Chválová, Olga Iermachkova |
| 520 | |a Slang zohráva kľúčovú úlohu v moderných jazykoch a funguje nielen ako jazykový nástroj pre efektívnu komunikáciu, ale aj ako marker sociálnej, generačnej a kultúrnej identity. Používanie slangu v blogoch umožňuje autorom vyjadriť rôzne emócie, iróniu, sarkazmus a sociálne pozície a zároveň vytvára pocit príslušnosti k určitým komunitám. Okrem toho blogy a slang vykazujú vzájomne sa posilňujúci vzťah: blogy slúžia ako kanály pre rýchle šírenie nových foriem slangu, čo následne stimuluje jazykovú kreativitu a adaptáciu výpožičiek z iných jazykov, predovšetkým z angličtiny alebo susedných jazykov. Tento jav je obzvlášť badateľný v slovanských jazykoch, kde sú anglické výpožičky často prispôsobené lokálnym fonetickým a morfologickým normám a niekedy hybridizujú s inými jazykovými prvkami, čo odráža globálny vplyv digitálnej komunikácie. Vo všeobecnosti blogy a slang v modernom svete plnia funkcie komunikačných prostriedkov aj indikátorov spoločenských a kultúrnych procesov, formujú nové normy používania jazyka a prispievajú k rozvoju digitálnej identity. Článok je venovaný štúdiu slangu v blogoch vybraných slovanských jazykov. | ||
| 610 | 2 | 0 | |a jazykoveda |
| 610 | 2 | 0 | |a slang |
| 610 | 2 | 0 | |a komunikácia |
| 610 | 2 | 0 | |a blogy |
| 610 | 2 | 0 | |a digitalizácia |
| 100 | 1 | |a Chválová, Katarína, 1990- | |
| 700 | 1 | |a Iermachkova, Olga | |